01651nam a22002777a 45000010005000000030006000050050017000110080041000280200017000690400032000860500014001181000016001322450065001482600053002133000054002664900026003205050008003465200753003545210029011075210020011366500029011566500027011859420015012129990015012279520131012429879FISKH20260311105810.0260311b cb ||||| |||| 00| 0 eng d a050086013647 aFISKH bengcFISKH dFISKH  aPZ7 .R313 aWalt Disney aThe rescuers :bWith songs from the films / cBy Walt Disnep aCalifornia : bWalt Disnep Productions , c1991. a24 pages : bcolor illustrations ;c18 X 18 cm .  aThe Rescuers (Disney) aH  aThe Rescuers tells the story of two brave mice, Bernard and Miss Bianca, who work for the Rescue Aid Society, an organization that helps kidnapped or distressed creatures in need. When they learn that a little girl named Penny has been kidnapped by the evil treasure hunter Madame Medusa, they volunteer to rescue her. Using their cleverness, courage, and teamwork, Bernard and Miss Bianca navigate traps, escape dangers, and finally save Penny from Medusa’s clutches. The story highlights friendship, bravery, and helping others, with humorous moments and daring adventures along the way. The book was designed to be read along with its accompanying record or cassette, so young readers could follow the story while listening to the narration.8 a430 bLexile estimate 8 aH bRaz-Plus  aDisneyvChildren's Books aMicevChildren's Books 2ddccBKn0 c9879d9879 00102ddc40708JUVFa002b002cTTP Dark Blued2026-03-11l0oWAL PZ7 .R313pFISBK072042r2026-03-11 10:58:07w2026-03-11yBK